| 000 | 00526nam a2200169 4500 | ||
|---|---|---|---|
| 001 | 26896 | ||
| 005 | 20230411085953.0 | ||
| 008 | 060907n2004 dr spa | ||
| 020 | _a0749441445 | ||
| 035 | _9funglode27100 | ||
| 041 | _aEN | ||
| 245 | 0 | 4 |
_aThe handbook of international trade : _ba guide to the principles and practice of export / _cEditors Jim Sherlock & Jonathan Reuvid |
| 260 |
_aLondon : _bKongan Page, _c2004 |
||
| 300 | _a440 p. | ||
| 700 | _aSherlock, Jim / Reuvid, Jonathan | ||
| 942 |
_2lcc _cbk |
||
| 999 |
_c110240 _d110240 |
||